| 000 | 00350nam a22001457a 4500 | ||
|---|---|---|---|
| 008 | 250404b |||||||| |||| 00| 0 eng d | ||
| 020 | _a042131950X | ||
| 050 |
_aHJ5813 _b.M33 |
||
| 100 | _aMCCTCHEON D. Barry | ||
| 245 | _aCapital Transfer Tax | ||
| 250 | _a2 | ||
| 260 |
_aLondon _bSweet & Maxwell Ltd. _c1984 |
||
| 300 | _axxi, 1074p. | ||
| 942 | _cBK | ||
| 999 |
_c2864 _d2864 |
||